| 000 -LEADER |
| fixed length control field |
01793nam a2200301 a 4500 |
| 001 - CONTROL NUMBER |
| control field |
ASIN1422101029 |
| 005 - DATE AND TIME OF LATEST TRANSACTION |
| control field |
20170105102902.0 |
| 008 - FIXED-LENGTH DATA ELEMENTS--GENERAL INFORMATION |
| fixed length control field |
131011s2007 xxu eng d |
| 020 ## - INTERNATIONAL STANDARD BOOK NUMBER |
| International Standard Book Number |
1422101029 (hardcover) |
| Terms of availability |
$29.95 |
| 020 ## - INTERNATIONAL STANDARD BOOK NUMBER |
| International Standard Book Number |
9781422101025 (hardcover) |
| 040 ## - CATALOGING SOURCE |
| Original cataloging agency |
0 |
| 050 04 - LIBRARY OF CONGRESS CALL NUMBER |
| Classification number |
HD6054.2.U6 |
| 082 04 - DEWEY DECIMAL CLASSIFICATION NUMBER |
| Classification number |
658.312082 |
| 100 1# - MAIN ENTRY--PERSONAL NAME |
| Personal name |
Hewlett, Sylvia Ann. |
| 245 10 - TITLE STATEMENT |
| Title |
Off-ramps and on-ramps : |
| Remainder of title |
keeping talented women on the road to success / |
| Statement of responsibility, etc. |
Sylvia Ann Hewlett. |
| 250 ## - EDITION STATEMENT |
| Edition statement |
1st ed. |
| 260 ## - PUBLICATION, DISTRIBUTION, ETC. |
| Place of publication, distribution, etc. |
[S.l.] : |
| Name of publisher, distributor, etc. |
Harvard Business School Press, |
| Date of publication, distribution, etc. |
2007. |
| 300 ## - PHYSICAL DESCRIPTION |
| Extent |
320 p. ; |
| Dimensions |
25 cm. |
| 520 ## - SUMMARY, ETC. |
| Summary, etc. |
With talent shortages looming over the next decade, what can companies do to attract and retain the large number of professional women who are forced off the career highway? By documenting the successful efforts of a group of cutting-edge global companies to retain talented women and reintegrate them if they’ve already left, Off-Ramps and On-Ramps answers this critical question. Working closely with companies such as Ernst & Young, Goldman Sachs, Time Warner, General Electric and others, author Sylvia Ann Hewlett identifies what works and why. Based on firsthand experience with these companies, along with extensive data that provides the most comprehensive and nuanced portrait of women's career paths, this book documents the actions forward-thinking companies must take to reverse the female brain drain and ensure their access to talent over the long term. |
| 650 #0 - SUBJECT ADDED ENTRY--TOPICAL TERM |
| Topical term or geographic name entry element |
Corporations |
| 650 #0 - SUBJECT ADDED ENTRY--TOPICAL TERM |
| Topical term or geographic name entry element |
United States |
| 650 #0 - SUBJECT ADDED ENTRY--TOPICAL TERM |
| Topical term or geographic name entry element |
Women in the professions |
| 650 #0 - SUBJECT ADDED ENTRY--TOPICAL TERM |
| Topical term or geographic name entry element |
Women--Employment |
| 650 #0 - SUBJECT ADDED ENTRY--TOPICAL TERM |
| Topical term or geographic name entry element |
Work and family |
| 650 #0 - SUBJECT ADDED ENTRY--TOPICAL TERM |
| Topical term or geographic name entry element |
Working mothers |
| 856 40 - ELECTRONIC LOCATION AND ACCESS |
| Materials specified |
Amazon.com |
| Uniform Resource Identifier |
<a href="http://www.amazon.com/exec/obidos/ASIN/1422101029/chopaconline-20">http://www.amazon.com/exec/obidos/ASIN/1422101029/chopaconline-20</a> |
| 942 ## - ADDED ENTRY ELEMENTS (KOHA) |
| Source of classification or shelving scheme |
|
| Koha item type |
Book |